000 00479nam a2200145Ia 4500
008 230917s9999||||xx |||||||||||||| ||und||
040 _e169549
_aMAIN
041 _aEnglish
082 _a891.43172109 SM92:AG
100 _aअज्ञात सम्पा.
245 0 _aकवि सेनानी पं. माधव शुक्ल व्यक्ति और कृति
260 _aकानपुर
_bसमीर
_c1982
300 _a199 पृ. p.
942 _cHN
999 _c36344
_d36344